| 000 | 00545nam a2200193 a 4500 | ||
|---|---|---|---|
| 001 | 3805 | ||
| 003 | CDMR | ||
| 005 | 20130523192200.0 | ||
| 008 | 130130s2009||||||||||||||||||||||||||||d | ||
| 020 | _a9788480432061 | ||
| 040 |
_aCDMR _bcat _cCDMR |
||
| 100 | 1 |
_aWhelan, Richard _92690 |
|
| 245 | 1 | 0 |
_a¡ Esto es la guerra ! _b: Robert Capa en acción |
| 260 |
_aBarcelona _c2009 _bMuseu Nacional d'Art de Catalunya |
||
| 500 | _aCatàleg d'exposició | ||
| 600 | 1 |
_93197 _aCapa, Robert |
|
| 650 | 0 | 4 |
_93145 _aFotografia _xExposicions |
| 942 |
_cMON _2udc |
||
| 999 |
_c3805 _d3805 |
||